Normale Ansicht MARC-Ansicht ISBD

Kinder müssen in Quarantäne (Titelsatznr. 80194)

[ MARC ]
MARC-Details
000 -Satzkennung
Kontrollfeld mit fester Länge 00529nam a22001457a 4500
008 - Feld mit fester Länge zur physischen Beschreibung - Allgemeine Angaben
Kontrollfeld mit fester Länge 201127b ||||| |||| 00| 0 eng d
040 ## - Katalogisierungsquelle
Original-Katalogisierungsstelle ISIL EINTRAGEN
Katalogisierungssprache ger
Übertragungsstelle STAFF
Beschreibungsfestlegungen rda
041 ## - Sprachcode
Sprachcode des Textes/der Tonspur oder des separaten Titels ger
245 ## - Titel
Haupttitel Kinder müssen in Quarantäne
Titelzusatz Corona: Die Waldorfschule ist vorsorglich geschlossen. Viertklässler der Grundschule in Booßen sind erkrankt.
773 ## - Übergeordnete Einheit
Verknüpfungsangaben 31. Jahrgang (2020) Nr. 274 vom 24.11.2020, S. 15
Zählung und erste Seite S. 15
Titel Märkische Oderzeitung
942 ## - Zusätzliche Felder (Koha)
Koha-Medientyp Aufsätze
Exemplare
Ausgeschieden Verloren Beschädigt Nicht entleihbar Permanenter Standort Aktueller Standort Eingabedatum Anzahl Ausleihen Signatur Letzte Aktivität Preis gültig von Medientyp
        Stadtarchiv Frankfurt (Oder) | Archivbibliothek Stadtarchiv Frankfurt (Oder) | Archivbibliothek 27/11/2020   Z2 27/11/2020 27/11/2020 Aufsätze